Jornades sobre la gestió municipal de la tinença d'animals domèstics de companyia
Descripción Física:
81 p. ; 21 cm
Colección:
Salut pública ; 5
MARC
| LEADER | 00000nam a2200000Ia 4500 | ||
|---|---|---|---|
| 001 | 10773 | ||
| 003 | BGR | ||
| 005 | 20260324175301.0 | ||
| 008 | 160829s1993 xx 000 0 cat d | ||
| 080 | |a C-2-102 | ||
| 111 | |a Jornades sobre la Gestió Municipal de la Tinença d'Animals Domèstics de Companyia |9 71314 |c (Barcelona : |d 1992) | ||
| 245 | |a Jornades sobre la gestió municipal de la tinença d'animals domèstics de companyia | ||
| 260 | |a Barcelona : |b Diputació de Barcelona. Servei de Salut Pública i Consum, |c 1993 | ||
| 300 | |a 81 p. ; |c 21 cm | ||
| 490 | |a Salut pública ; 5 | ||
| 650 | |a Animals domèstics |x Aspectes socials |x Congressos |9 24820 | ||
| 710 | |a Barcelona (Catalunya : Província). |b Servei de Salut Pública i Consum |9 8151 | ||
| 901 | |a Arxiu | ||
| 942 | |n 1 |2 udc |c JC | ||
| 952 | |0 0 |1 0 |4 0 |6 C2102 |7 1 |9 43330 |a Arxiu |b Arxiu |d 2016-12-01 |l 0 |o C-2-102 |p 10773 |r 2016-12-01 00:00:00 |w 2016-12-01 |y ARXIU | ||
| 999 | |c 45875 |d 45875 | ||